00480nam a2200133Ia 4500082001200000100002600012245013600038260003800174300002100212650002700233650003400260650003500294710001700329 aTD.0145 aDatar, Vandana Vasant 0aDevelopment of an achievement test in educational psychology for B.Ed. (Marathi Medium) students and preparation of a question bank c1982bS.N.D.T. Women's University a883p. + C D - 68 aEDUCATIONAL PSYCHOLOGY aCOLLEGE STUDENTS - PSYCHOLOGY aACADEMIC ACHIEVEMENT - TESTING aSohoni, B.K.